[Event "WE Autunno 2020 A"]
[Site "Roma"]
[Date "2020.10.11"]
[Round "5"]
[White "Marino, Giovanni"]
[Black "Brozzi, Danilo"]
[Result "1-0"]
[WhiteElo "1950"]
[BlackElo "1713"]
[PlyCount "117"]
[EventDate "2020.10.??"]

1. Nf3 Nf6 2. c4 c5 3. d4 cxd4 4. Nxd4 d6 5. Nc3 g6 6. e4 Bg7 7. Be2 O-O 8. Be3
Nc6 9. Nc2 Be6 10. f3 a6 11. O-O Ne5 12. Nd5 Bxd5 13. cxd5 Rc8 14. Nd4 Nc4 15.
Bxc4 Rxc4 16. Qb3 Rc7 17. Rac1 Nd7 18. Rxc7 Qxc7 19. Rc1 Qb8 20. Qc2 Bf6 21. a4
Nb6 22. a5 Bxd4 23. Bxd4 Rc8 24. Qd2 Rxc1+ 25. Qxc1 Qc8 26. Qh6 f6 27. axb6 g5
28. Bc3 Qc5+ 29. Kh1 Qb5 30. h4 gxh4 31. Qxh4 Qxb6 32. Qe1 Qb5 33. f4 Qc4 34.
Qg3+ Kf7 35. Qf3 b5 36. e5 b4 37. Bd2 dxe5 38. fxe5 Qh4+ 39. Qh3 Qxh3+ 40. gxh3
fxe5 41. Bxb4 Kf6 42. Kg2 e4 43. Kf2 Ke5 44. Bxe7 Kxd5 45. Bf6 a5 46. Ke3 a4
47. Bg7 h5 48. h4 Ke6 49. Kxe4 Kf7 50. Bc3 Kg6 51. Kf4 Kh6 52. Kf5 Kh7 53. Kg5
Kg8 54. Kxh5 Kh7 55. Kg5 Kg8 56. Kg6 Kf8 57. h5 Kg8 58. h6 Kf8 59. h7 1-0

[Event "WE Autunno 2020 A"]
[Site "Roma"]
[Date "2020.10.11"]
[Round "5"]
[White "Pastore, Cosmas"]
[Black "Sacripanti, Valerio"]
[Result "1-0"]
[WhiteElo "1888"]
[BlackElo "1379"]
[PlyCount "55"]
[EventDate "2020.10.??"]

1. e4 c6 2. d4 d5 3. Nc3 dxe4 4. Nxe4 Bf5 5. Ng3 Bg6 6. Nf3 Nd7 7. h4 h6 8. h5
Bh7 9. Bd3 Bxd3 10. Qxd3 Ngf6 11. Bf4 e6 12. O-O-O Qa5 13. Kb1 Nd5 14. Bd2 Qc7
15. c4 N5f6 16. Ne4 O-O-O 17. g3 Nxe4 18. Qxe4 Nf6 19. Qe2 Bd6 20. c5 Be7 21.
Bf4 Qd7 22. Qe5 Bd6 23. Qxd6 Qxd6 24. cxd6 Ne4 25. Rh2 Nxd6 26. Bxd6 Rxd6 27.
Rhh1 f6 28. Rhe1 1-0

[Event "WE Autunno 2020 A"]
[Site "Roma"]
[Date "2020.10.11"]
[Round "5"]
[White "Vannelli, Vittorio"]
[Black "Scagliarini, Bruno"]
[Result "1-0"]
[WhiteElo "1632"]
[BlackElo "1788"]
[PlyCount "45"]
[EventDate "2020.10.??"]

1. e4 c5 2. Nf3 g6 3. d4 cxd4 4. Qxd4 Nf6 5. Bb5 Bg7 6. e5 Ng8 7. O-O Nc6 8.
Bxc6 bxc6 9. Qc3 Rb8 10. Na3 Qb6 11. Be3 Qc7 12. Nc4 Ba6 13. Rfe1 Bxc4 14. Qxc4
Nh6 15. Bd4 Nf5 16. Bc3 O-O 17. Rad1 h6 18. g4 d5 19. Rxd5 e6 20. Rd3 Ne7 21.
Bb4 Rfe8 22. Bd6 Qb7 23. Rb3 1-0

[Event "WE Autunno 2020 A"]
[Site "Roma"]
[Date "2020.10.11"]
[Round "5"]
[White "Costa, Gabriele"]
[Black "Rabiti, Roberto"]
[Result "1-0"]
[WhiteElo "1447"]
[BlackElo "1450"]
[PlyCount "43"]
[EventDate "2020.10.??"]

1. d4 d6 2. e4 c6 3. f4 Nd7 4. Nf3 h6 5. e5 dxe5 6. fxe5 g5 7. Bd3 Qb6 8. c3
Bg7 9. Nbd2 Nf8 10. Nc4 Qc7 11. Ne3 Ne6 12. Nf5 Rh7 13. Nd6+ exd6 14. exd6 Qxd6
15. Bxh7 Nf6 16. Bc2 Bd7 17. Ne5 Nd5 18. Nxd7 Kxd7 19. O-O Nef4 20. Bxf4 gxf4
21. Qg4+ Qe6 22. Bf5 1-0